000 00495nam a2200205 a 4500
001 000024009
003 DO-SdBNP
005 20221003092650.0
007 ta
008 110118s19? dr 001 0 spa d
040 _aDO-SdBNP
_bspa
_cBNPHU
082 _axxx
_bH117a
245 1 0 _aÁngel Haché :
_bpoemas
260 _a[s.l] :
_b[s.n.]
_c[19?]
300 _a[110] p. ;
_c24 cm.
590 _aInventariado, 2022 / DG
650 4 _aEspiritu santo
_97135
910 _aDG
942 _2ddc
_cLBS1
999 _c52501
_d52501